000 00624nam a22002057a 4500
005 20250827140800.0
008 250827b |||||||| |||| 00| 0 eng d
037 _cREF
040 _aAL
_cAL
041 _2eng
_aeng
084 _aP:3-4g N7
_qAL
245 _aHandbook of contemporary semantic theory
260 _aUSA; USA:
_bBlackwell pub.,
_c1997.
300 _axv, 670p
365 _b1961.72
_cINR
650 _2LINGUISTICS
700 _aLappin, Shalom
_eEditor.
_968565
942 _2CC
_cREF
_hP:3-4g N7
_n0
999 _c1434911
_d1434911